|
|
|
|
| LEADER |
00000nam a2200000 a 4500 |
| 001 |
vtls001355846 |
| 003 |
SK-MaSNL |
| 005 |
20260301114936.0 |
| 008 |
240314s1998 xo ap r yy 0 slo |
| 015 |
|
|
|a SNBA1999/05-01745
|
| 020 |
|
|
|a 8022313432
|
| 035 |
|
|
|a SNK000309316
|
| 035 |
|
|
|a urn:nbn:sk:snk-amyhpl
|
| 035 |
|
|
|a urn:nbn:sk:snk-am00cko1
|
| 035 |
|
|
|a 89586DCC-D93E-41B2-A289-955530DD3144
|
| 040 |
|
|
|a SNK
|b slo
|c SNK
|e AACR2
|
| 041 |
0 |
|
|a slo
|
| 044 |
|
|
|a xo
|c SK
|
| 080 |
|
|
|a 541+546:542(075.8)(076.5)
|2 1981
|
| 080 |
|
|
|a 546(075.8)(076.5)
|2 1981
|
| 100 |
1 |
|
|a Sokolík, Jozef
|4 aut
|9 392794
|
| 245 |
1 |
0 |
|a Laboratórne cvičenia a výpočty zo všeobecnej a anorganickej chémie
|c Jozef Sokolík a kolektív
|
| 250 |
|
|
|a 3. nezm. vyd.
|
| 260 |
|
|
|a Bratislava
|b Univerzita Komenského
|c 1998
|
| 300 |
|
|
|a 201 s.
|b tab.
|c 29 cm
|
| 500 |
|
|
|a 150 výt.
|
| 504 |
|
|
|a Bibliogr. s. 196-197
|
| 650 |
0 |
7 |
|a príklady
|2 SNKPH
|9 30624
|
| 650 |
0 |
7 |
|a anorganická chémia
|2 SNKPH
|9 850
|
| 650 |
0 |
7 |
|a všeobecná chémia
|2 SNKPH
|9 67452
|
| 655 |
|
7 |
|a učebnice vysokých škôl
|2 SNKPH
|9 70191
|
| 655 |
|
7 |
|a laboratórne cvičenia
|2 SNKPH
|9 70629
|
| 700 |
1 |
|
|a Bláhová, Mária
|4 aut
|9 7951
|
| 700 |
1 |
|
|a Lučanská, Brigita
|4 aut
|9 392795
|
| 700 |
1 |
|
|a Švajlenová, Oľga,
|d 1935-
|4 aut
|9 253559
|
| 700 |
1 |
|
|a Valent, Aladár,
|d 1941-
|4 aut
|9 202774
|
| 919 |
|
|
|a 80-223-1343-2
|
| 958 |
|
|
|a OND
|
| 958 |
|
|
|a TL
|
| 958 |
|
|
|a NB
|
| 958 |
|
|
|a UV
|
| 999 |
|
|
|c 720337
|d 722267
|
| 952 |
|
|
|t P60, <03>, [BOOK], {603}
|a SNK
|b SNK
|y PREZ
|7 0
|p 17A0181192
|o snkSB 59897
|i snkKSP 1947/99
|0 0
|1 0
|4 0
|d 1999-02-24
|f 1
|l 0
|r 2025-04-09 00:00:00
|w 2026-02-23
|
| 952 |
|
|
|t P60, <04>, [BOOK], {604}
|a SNK
|b SNK
|y VYP
|7 0
|p 17A0181191
|o snkSB 59897 D1
|i snkKSP 1948/99
|0 0
|1 0
|4 0
|d 1999-02-24
|l 0
|r 2005-01-02 00:00:00
|w 2026-02-23
|